000 00890nam a2200253Ia 4500
003 OSt
005 20220923211451.0
006 a|||||r|||| 00| 0
007 ta
008 Pun
020 _a9789350687345 (hbk)
_c400
024 _a282,871
037 _b866, 14/08/2014, H.K. Prakashan
_cTextual
040 _aARTS
_cARTS
_bPun
041 _2Pun
_aPun
082 _aO153:g(Y:351), Q4
100 _aਸਿੰਘ, ਗੁਰਵਿੰਦਰ, ਥਦ.
245 0 _aਪੰਜਾਬੀ ਲੋਕਯਾਨ ਸਭਿਆਚਾਰ ਭਾFਾ ਤੇ ਸਾਹਿਤ
260 _aਚੰਡੀਗੜ
_b ਲੋਕਗੀਤ ਪ੍ਰਕਾFਨ
_c2014
300 _a263ਪੰ
_ccm.
650 _aਪੰਜਾਬੀ ਸਾਹਿਤ
942 _hO153:g(Y:351), Q4
_cTEXL
_2CC
999 _c299803
_d299803